| 000 | 00773nam a22002177a 4500 | ||
|---|---|---|---|
| 999 |
_c16699 _d16699 |
||
| 003 | AR-CdUCM | ||
| 008 | 190504b ||||| |||| 00| 0 spa d | ||
| 040 |
_aMUNICIPALIDAD PROVINCIAL DEL CUSCO _cBIBLIOTECA MUNICIPAL DEL CUSCO |
||
| 082 |
_23ed _a301.37 / _bC29 / 1966 |
||
| 100 |
_aCastro, Josué de _94197 |
||
| 245 | _aGeografía del hambre / | ||
| 260 |
_aMadrid : _bCid, _c1966. |
||
| 300 |
_a368 páginas ; _c20 cm. |
||
| 440 |
_aColección Vórtice _936293 |
||
| 505 | _aContenido: El tabú del hambre -- La escala del hambre -- El hambre en el mundo nuevo -- El hambre en la antigua Asia... | ||
| 650 |
_aEuropa hambrienta _936294 |
||
| 650 |
_aAvances frente al hambre _936295 |
||
| 650 |
_aGeografía _9318 |
||
| 942 |
_2ddc _cLIBROS |
||
| 945 |
_adavv _d04/05/2019 |
||